| 000 | 01580cam a22002294a 4500 | ||
|---|---|---|---|
| 005 | 20250605164053.0 | ||
| 008 | 250528s ||||||||||||||||||||||||d | ||
| 035 | _a17335 | ||
| 020 | _a852929269 | ||
| 040 |
_aGR-AtMCL _bgre _dGR-AtMCL _eAACR2 |
||
| 245 | 1 | _aPeople Management and Development / Human Resource Management at Work | |
| 250 | _a2nd | ||
| 260 | _c2002 | ||
| 300 | _a608 | ||
| 520 | _aThis book meets the demands of the new CIPD standard in People Management and Development. Acknowledgements, Introduction, Human Resource Management at Work, Shaping the PMED Agenda, The Changing Nature of Work and Employment, The Legal Framework for HRM, Institutional Forces Shaping HRM at Work, The PMEG Contribution, Research and Change Management Skills, The Professional and Ethical Contribution of HRM, Integrating the PMEG Contribution, Exploring the Links between Business Strategy and HRM, Changing Responsibilities for the Management of HRM, PMEG in Practice, Managing Performance for Added Value, Maximizing the Skills and Contributions of People, Managing the Learning and Development Process, Structures and Processes for Effective Employee Relations, Motivating Staff and Rewarding Contributions, Delivering Equity and Fairness in Rewards, Review, Reviewing HRM at Work - Sample Examination Questions and Guidelines for Tackling Exams, Bibliography, Index. | ||
| 700 | 1 |
_aMarchington Mick _93497 |
|
| 700 | 1 |
_aWilkinson Adrian _93498 |
|
| 942 | _cBK | ||
| 710 | 2 |
_aChartered Institute Of Personnel And Development _99742 |
|
| 999 |
_c2762 _d2762 |
||